000 00714nam a2200289Ia 4500
005 20260324135606.0
008 008 260324s9999 xx 000 0 eng d
020 _a9781315250694
037 _aEBOOK
040 _aCRL
040 _beng
040 _cCRL
041 _2eng
041 _aeng
084 _qCRL
100 _aPeter W. Edge; Graham Harvey
_91201166
245 0 _aLaw and Religion in Contemporary Society
245 0 _bCommunities, Individualism and the State
260 _bTaylor and Francis
260 _c2000
365 _a
365 _b230
856 _uhttp://www.taylorfrancis.com/books/9781315250694
942 _cEBOOK
999 _c1802414
_d1802414